<?xml version="1.0" encoding="UTF-8"?>
<record
    xmlns:xsi="http://www.w3.org/2001/XMLSchema-instance"
    xsi:schemaLocation="http://www.loc.gov/MARC21/slim http://www.loc.gov/standards/marcxml/schema/MARC21slim.xsd"
    xmlns="http://www.loc.gov/MARC21/slim">

  <leader>00224nam a2200097Ia 4500</leader>
  <controlfield tag="008">230915s9999    xx            000 0 und d</controlfield>
  <datafield tag="050" ind1=" " ind2=" ">
    <subfield code="a">HF 5691 .L53 2011</subfield>
  </datafield>
  <datafield tag="100" ind1=" " ind2=" ">
    <subfield code="a">LIAL MAGRARET L.</subfield>
  </datafield>
  <datafield tag="245" ind1=" " ind2="0">
    <subfield code="a">BUSINESS MATH</subfield>
  </datafield>
  <datafield tag="942" ind1=" " ind2=" ">
    <subfield code="c">BK</subfield>
  </datafield>
  <datafield tag="999" ind1=" " ind2=" ">
    <subfield code="c">84109</subfield>
    <subfield code="d">84109</subfield>
  </datafield>
  <datafield tag="952" ind1=" " ind2=" ">
    <subfield code="0">0</subfield>
    <subfield code="1">0</subfield>
    <subfield code="2">lcc</subfield>
    <subfield code="4">0</subfield>
    <subfield code="7">0</subfield>
    <subfield code="8">BUS</subfield>
    <subfield code="a">KSUL</subfield>
    <subfield code="b">KSUL</subfield>
    <subfield code="d">2024-01-24</subfield>
    <subfield code="i">85931</subfield>
    <subfield code="l">1</subfield>
    <subfield code="o">HF 5691 .L53 2011</subfield>
    <subfield code="p">010031</subfield>
    <subfield code="r">2024-12-02 11:03:04</subfield>
    <subfield code="s">2024-11-19</subfield>
    <subfield code="t">C.1</subfield>
    <subfield code="w">2024-01-24</subfield>
    <subfield code="y">BK</subfield>
  </datafield>
  <datafield tag="952" ind1=" " ind2=" ">
    <subfield code="0">0</subfield>
    <subfield code="1">0</subfield>
    <subfield code="2">lcc</subfield>
    <subfield code="4">0</subfield>
    <subfield code="7">0</subfield>
    <subfield code="8">BUS</subfield>
    <subfield code="a">KSUL</subfield>
    <subfield code="b">KSUL</subfield>
    <subfield code="d">2024-01-24</subfield>
    <subfield code="i">85941</subfield>
    <subfield code="l">0</subfield>
    <subfield code="o">HF 5691 .L53 2011</subfield>
    <subfield code="p">000000004237</subfield>
    <subfield code="r">2024-01-24 15:56:00</subfield>
    <subfield code="t">C.11</subfield>
    <subfield code="w">2024-01-24</subfield>
    <subfield code="y">BK</subfield>
  </datafield>
  <datafield tag="952" ind1=" " ind2=" ">
    <subfield code="0">0</subfield>
    <subfield code="1">0</subfield>
    <subfield code="2">lcc</subfield>
    <subfield code="4">0</subfield>
    <subfield code="7">0</subfield>
    <subfield code="8">BUS</subfield>
    <subfield code="a">KSUL</subfield>
    <subfield code="b">KSUL</subfield>
    <subfield code="d">2024-01-24</subfield>
    <subfield code="i">85932</subfield>
    <subfield code="l">0</subfield>
    <subfield code="o">HF 5691 .L53 2011</subfield>
    <subfield code="p">-010003</subfield>
    <subfield code="r">2024-01-24 15:56:00</subfield>
    <subfield code="t">C.2</subfield>
    <subfield code="w">2024-01-24</subfield>
    <subfield code="y">BK</subfield>
  </datafield>
  <datafield tag="952" ind1=" " ind2=" ">
    <subfield code="0">0</subfield>
    <subfield code="1">0</subfield>
    <subfield code="2">lcc</subfield>
    <subfield code="4">0</subfield>
    <subfield code="7">0</subfield>
    <subfield code="8">BUS</subfield>
    <subfield code="a">KSUL</subfield>
    <subfield code="b">KSUL</subfield>
    <subfield code="c">DISPLAY</subfield>
    <subfield code="d">2024-01-24</subfield>
    <subfield code="i">85943</subfield>
    <subfield code="l">0</subfield>
    <subfield code="o">HF 5691 .L53 2011</subfield>
    <subfield code="p">000000023513</subfield>
    <subfield code="r">2026-01-19 09:50:00</subfield>
    <subfield code="t">C.13</subfield>
    <subfield code="w">2024-01-24</subfield>
    <subfield code="y">BK</subfield>
  </datafield>
</record>
